000 00402nam a22001577a 4500
003 NUST - PNEC
005 20170116181132.0
008 151003b xxu||||| |||| 00| 0 eng d
040 _cLIBRARY
082 _a667.90212 MIC
100 _914030
_aMichael
245 _aA formulary of paints and other coatings Vol I
_cMichael
260 _cc.1978
650 _912748
_aCoatings
_xIME
942 _2ddc
_cBK
999 _c70019
_d70019